| 000 | 00387pab a2200157 454500 | ||
|---|---|---|---|
| 008 | 180718b1988 xxu||||| |||| 00| 0 eng d | ||
| 100 | _aCheltey, B.S. | ||
| 245 |
_aSkills of human resources _bNeed for periodical review |
||
| 260 | _c1988 | ||
| 300 | _a163-9 | ||
| 362 | _aJul.-Sept. | ||
| 650 | _aManpower | ||
| 700 | _aK.N. Krishnaswamy | ||
| 773 | _aProductivity | ||
| 909 | _a13176 | ||
| 999 |
_c13176 _d13176 |
||